00482nam a2200169Ia 4500003000900000008004100009040001600050080002000066100002200086245006800108260003900176300001300215650002500228650001900253650002300272700001700295IN-BaIIA211028s9999 xx 000 0 eng d cIIA Library a519.68(02)bSCI aGiridhar, Sunetra 0aScientific subroutine packagecSunetra Giridhar and Kajal Ghosh aKavalurbKavalur Observatoryc1985 aiv, 93p. aComputer programming aNASA thesaurus aSubroutine package aGhosh, Kajal